Rozvoja marketingových aktivít v KZLM TÍLIA, s.r.o., Liptovský Mikuláš : Diplomová práca

Na minha lista:
Detalhes bibliográficos
Autor principal: Uličná, Marta (Author)
Outros Autores: Červeňan, Štefan (xxx)
Formato: Manuscrito Livro
Idioma:eslovaco
Publicado em: Trnava : STU v Bratislave MtF KMK, 1998
Assuntos:
Tags: Adicionar Tag
Sem tags, seja o primeiro a adicionar uma tag!

MARC

LEADER 00000ntm a22000003a 4500
001 stu56577
005 20160719155152.1
008 010205s1998----xo------------------slo-d
040 |a STU  |b slo 
041 0 |a slo 
044 |a xo 
100 1 |a Uličná, Marta  |4 aut 
245 1 |a Rozvoja marketingových aktivít v KZLM TÍLIA, s.r.o., Liptovský Mikuláš :  |b Diplomová práca 
260 |a Trnava :  |b STU v Bratislave MtF KMK,  |c 1998 
300 |a 56 s  |c výťah 
650 7 |a marketing  |2 estusub 
650 7 |a manažment priemyselných podnikov  |2 stusub 
700 1 |a Červeňan, Štefan  |4 xxx  |u M190  |U MTF Materiálovotechnologická fakulta  |T MTF Katedra priemyselného inžinierstva a manažmentu  |U M190  |Y 167 
996 |b 284M023795  |c M*DP-580  |l MMSKP  |s P  |a 0  |w stu56577_0001